LEADER 03900oam 2200709I 450 001 9910792182803321 005 20230803023648.0 010 $a1-134-09002-1 010 $a1-134-08995-3 010 $a0-203-58127-X 024 7 $a10.4324/9780203581278 035 $a(CKB)2560000000102145 035 $a(EBL)1207552 035 $a(OCoLC)850078824 035 $a(SSID)ssj0000886989 035 $a(PQKBManifestationID)12339632 035 $a(PQKBTitleCode)TC0000886989 035 $a(PQKBWorkID)10839423 035 $a(PQKB)11766746 035 $a(MiAaPQ)EBC1207552 035 $a(Au-PeEL)EBL1207552 035 $a(CaPaEBR)ebr10717433 035 $a(CaONFJC)MIL495008 035 $a(OCoLC)900294278 035 $a(OCoLC)847133030 035 $a(FINmELB)ELB132014 035 $a(EXLCZ)992560000000102145 100 $a20180706d2013 uy 0 101 0 $aeng 135 $aur|n|---||||| 181 $ctxt 182 $cc 183 $acr 200 00$aAsian popular culture $ethe global (dis)continuity /$fedited by Anthony Y.H. Fung 210 1$aAbingdon, Oxon :$cRoutledge,$d2013. 215 $a1 online resource (289 p.) 225 1 $aMedia, culture and social change in Asia ;$v31 300 $aDescription based upon print version of record. 311 $a0-415-55717-8 311 $a0-415-55716-X 320 $aIncludes bibliographical references and index. 327 $aIntroduction : Asian popular culture, the global (dis)continuity / Anthony Y.H. Fung -- One region, two modernities : Disneyland in Tokyo and Hong Kong / Micky Lee and Anthony Y.H. Fung -- Comic travels : Disney publishing in the People's Republic of China / Jennifer Altehenger -- When Chinese youth meet Harry Potter : translating consumption and middle class identification / John Nguyet Erni -- New forms of transborder visuality in urban China : saving face for magazine covers / Eric Kit-Wai Ma -- Cultural consumption and masculinity : a case study of GQ magazine covers in Taiwan / Hong-Chi Shiau -- An unlocalized and unglobalized subculture : English language independent music in Singapore / Kai Khiun Liew and Shzr Ee Tan -- The localized production of Jamaican music in Thailand / Viriya Sawangchot -- Consuming online games in Taiwan : global games and local market / Lai-Chi Chen -- The rise of the Korean cinema in inbound and outbound globalization / Shin Dong Kim -- Pocket capitalism and virtual intimacy : poke?mon as a symptom of post-industrial youth culture / Anne Allison -- Playing the global game : Japan brand and globalization / Kukhee Choo -- China's new creative strategy : the utilization of cultural soft power and new markets / Michael Keane and Bonnie Liu -- Renationalizing Hong Kong cinema : the gathering force of the mainland market / Michael Curtin. 330 $a"Examines two seemingly contradictory and yet parallel processes in the circulation of Asian popular culture: the interconnectedness between Asian popular culture and western culture in an era of cultural globalization, and the local derivatives and versions of global culture that are necessarily disconnected from their origins in order to cater for the local market"--Provided by publisher. 410 0$aMedia, culture, and social change in Asia series ;$v31. 606 $aPopular culture$zAsia 606 $aCulture and globalization$zAsia 606 $aMass media and culture$zAsia 606 $aEast and West 607 $aAsia$xCivilization$y21st century 615 0$aPopular culture 615 0$aCulture and globalization 615 0$aMass media and culture 615 0$aEast and West. 676 $a306.095 701 $aFung$b Anthony Y. H$01091250 801 0$bMiAaPQ 801 1$bMiAaPQ 801 2$bMiAaPQ 906 $aBOOK 912 $a9910792182803321 996 $aAsian popular culture$93788232 997 $aUNINA LEADER 03210nam 2200661Ia 450 001 9910814558403321 005 20240505233538.0 010 $a1-282-48233-5 010 $a9786612482335 010 $a1-118-41095-5 010 $a1-4443-1500-5 010 $a1-4443-1503-X 035 $a(CKB)2670000000009423 035 $a(EBL)485675 035 $a(OCoLC)587391445 035 $a(SSID)ssj0000361634 035 $a(PQKBManifestationID)11246959 035 $a(PQKBTitleCode)TC0000361634 035 $a(PQKBWorkID)10367042 035 $a(PQKB)11725361 035 $a(MiAaPQ)EBC485675 035 $a(Au-PeEL)EBL485675 035 $a(CaPaEBR)ebr10369772 035 $a(CaONFJC)MIL248233 035 $a(EXLCZ)992670000000009423 100 $a20090722d2010 uy 0 101 0 $aeng 135 $aur|n|---||||| 181 $ctxt 182 $cc 183 $acr 200 00$aInjectable fillers $eprinciples and practice /$fedited by Derek Jones 205 $a1st ed. 210 $aChichester, West Sussex ;$aHoboken, NJ $cWiley-Blackwell$d2010 215 $a1 online resource (194 p.) 300 $aDescription based upon print version of record. 311 $a1-4051-9289-5 320 $aIncludes bibliographical references. 327 $aInjectable Fillers: Principles and Practice; Contents; Preface; Contributors; CHAPTER 1: The Cosmetic Patient Consultation; CHAPTER 2: Guidelines for Local Anesthesia in Use of Injectable Fillers; CHAPTER 3: Hyaluronic Acids: Basic Science; CHAPTER 4: Calcium Hydroxylapatite Microspheres in Facial Augmentation; CHAPTER 5: Evolence and Evolence Breeze; CHAPTER 6: Poly-L-Lactic Acid; CHAPTER 7: Liquid Injectable Silicone; CHAPTER 8: Hydrogel Polymers; CHAPTER 9: Artefill: the First to Last 327 $aCHAPTER 10: Complications from Soft-Tissue Augmentation of the Face: A Guide to Understanding, Avoiding, and Managing Periprocedural IssuesCHAPTER 11: The Mathematics of Facial Beauty: A Cheek Enhancement Guide for the Aesthetic Injector; CHAPTER 12: Hyaluronic Acids: Clinical Applications; Index 330 $aDermal fillers are the fastest growing tools in the cosmetic physician's armamentarium for refreshing the appearance of patients. This book demonstrates effective, best-practice use for superb patient results. Augmented by a DVD of procedural videos, it shows you how to match patient, treatment, and filler for maximum results. Taking a patient-centered approach, Dr. Jones reviews the advantages and disadvantages of each filler according to anatomical application. Opening chapters cover the cosmetic patient consultation and guidelines for local anaesthesia in the use of injectable fillers, fo 606 $aTissue expansion 606 $aFillers (Materials) 606 $aSurgery, Plastic 606 $aFace$xSurgery 615 0$aTissue expansion. 615 0$aFillers (Materials) 615 0$aSurgery, Plastic. 615 0$aFace$xSurgery. 676 $a617.9/52 701 $aJones$b Derek$f1965-$01701253 801 0$bMiAaPQ 801 1$bMiAaPQ 801 2$bMiAaPQ 906 $aBOOK 912 $a9910814558403321 996 $aInjectable fillers$94084855 997 $aUNINA